Twelve Days of Christmas A-Z (Any Word) Quiz Stats

 Plays Quiz Updated Dec 21, 2017

Score 0/17 Timer 01:30
3 Plays Today
Letter Word % Correct
TTen, Tenth, The, Third, Three, Tree, To, True, Turtle, Twelfth, Twelve, Two
91.3%
FFifth, First, Five, Four, Fourth, French
89.6%
AA, A-laying, A-leaping, A-milking, A-swimming, And
88.6%
DDancing, Day, Doves, Drummers, Drumming
87.1%
GGave, Geese, Gold (Golden)
86.2%
PPartridge, Pear, Pipers, Piping
83.9%
LLadies, Lords, Love
81.4%
MMaids, Me, My
81%
CCalling (Colly), Christmas
79.1%
Letter Word % Correct
SSecond, Sent, Seven, Seventh, Six, Sixth, Swans, Swimming
77.8%
OOf, On
72%
RRings
59.9%
EEight, Eighth, Eleven, Eleventh
57.7%
HHens
55.5%
IIn
55.3%
NNine, Ninth
53.3%
BBirds
50.8%

You're not logged in!

Compare scores with friends on all Sporcle quizzes.
OR
Log In

You Might Also Like...

Show Comments

Extras

Top Quizzes Today


Score Distribution

Your Account Isn't Verified!

In order to create a playlist on Sporcle, you need to verify the email address you used during registration. Go to your Sporcle Settings to finish the process.

Report this User

Report this user for behavior that violates our Community Guidelines.

Details: